| 000 | 01382nam a2200289 a 4500 | ||
|---|---|---|---|
| 001 | BRCA_2378 | ||
| 005 | 20190320203800.0 | ||
| 008 | 071108s1611----be-#---###---#000-0#spa-u | ||
| 041 | _aspa | ||
| 044 | _abe | ||
| 084 |
_a019 _b.V45 _c1611 |
||
| 100 | 1 |
_aCervantes Saavedra, Miguel de _d1547-1616 _9213 |
|
| 245 | 1 | 0 |
_aEl Ingenioso Hidalgo Don Quixote de la Mancha _ccompuesto por Miguel de Cervantes Saavedra. |
| 250 | _a2 | ||
| 260 |
_aBruselas _bRoger Velpius : Huberto Antonio _c1611 |
||
| 300 |
_a1 v. (en varias paginaciones) _c18 cm. |
||
| 500 | _aContenido : Dedicatoria del autor al Duque de Béjar. Prólogo del autor. Versos preliminares con excepción del soneto de Solisdán. Texto. Privilegio de los príncipes Alberto e Isabel Clara Eugenia | ||
| 500 | _aSegunda edición de Bruselas. El texto es copia exacta de la edición anterior de Bruselas, de 1607. Ejemplar bien conservado, encuadernado en pergamino Lúdovik Osterc | ||
| 500 | _aEstado físico : La primera guarda está rota en su ángulo inferior derecho | ||
| 650 | 1 | 4 |
_aNovela española _yÉpoca clásica, 1500-1700 _9215 |
| 650 | 1 | 4 |
_aLiteratura española _yÉpoca clásica, 1500-1700 _9216 |
| 650 | 1 | 4 |
_aNovela española _ySiglo XVII _9217 |
| 650 | 1 | 4 |
_aDon Quijote (Personaje ficticio) _eNovela _9218 |
| 740 | 0 | _aEl Ingenioso Hidalgo Don Quijote de la Mancha | |
| 902 | _aQFM | ||
| 942 |
_2lcc _cB |
||
| 999 |
_c2119 _d2119 |
||